header

Business geography and new real estate market analysis (Record no. 90140)

MARC details
000 -LEADER
fixed length control field 01792nam a22003374a 4500
082 04 - DEWEY DECIMAL CLASSIFICATION NUMBER
Classification number 332.63/24
100 1# - MAIN ENTRY--AUTHOR NAME
Personal name Thrall, Grant Ian.
245 10 - TITLE STATEMENT
Title Business geography and new real estate market analysis
260 ## - PUBLICATION, DISTRIBUTION, ETC. (IMPRINT)
Place of publication Oxford ;
-- New York :
Name of publisher Oxford University Press,
Year of publication 2002.
300 ## - PHYSICAL DESCRIPTION
Number of Pages ix, 263 p. :
Other physical details ill., maps.
490 1# - SERIES STATEMENT
Series statement Spatial information systems
505 8# - FORMATTED CONTENTS NOTE
Formatted contents note Machine generated contents note: Part I OVERVIEW, THEORY, AND METHODS -- 1: Introduction, 3 -- 2: Understanding Real Estate Markets and Submarkets, 19 -- 3: Unifying Urban Land Use and Land Value Theories, 60 -- 4: Conducting Real Estate Market Analysis, 78 -- Part II APPLICATIONS TO REAL ESTATE PRODUCT TYPES -- 5: Housing and Residential Communities, 107 -- 6: Office and Industrial, 131 -- 7: Retail, 165 -- 8: Hotel and Motel, 199 -- 9: Mixed Use, 216 -- 10: Getting Started, 225.
650 #0 - SUBJECT ADDED ENTRY--TOPICAL TERM
Topical Term Real estate investment
Topical Term Commercial geography.
856 40 - ELECTRONIC LOCATION AND ACCESS
Uniform Resource Identifier http://site.ebrary.com/lib/rucke/Doc?id=10142087

No items available.

© 2026 Rongo University
Contact us: librarian | system librarian | Rongo university